La politica : (Record no. 53533)

MARC details
000 -LEADER
campo de control de longitud fija 01127cam a2200349Ka 4500
001 - NÚMERO DE CONTROL
campo de control 90162
005 - FECHA Y HORA DE LA ÚLTIMA TRANSACCIÓN
campo de control 20230410120855.0
006 - CÓDIGOS DE INFORMACIÓN DE LONGITUD FIJA--CARACTERÍSTICAS DEL MATERIAL ADICIONAL
campo de control de longitud fija m d
007 - CAMPO FIJO DE DESCRIPCIÓN FÍSICA--INFORMACIÓN GENERAL
campo de control de longitud fija cr bn||||||abp
007 - CAMPO FIJO DE DESCRIPCIÓN FÍSICA--INFORMACIÓN GENERAL
campo de control de longitud fija cr bn||||||ada
008 - DATOS DE LONGITUD FIJA--INFORMACIÓN GENERAL
campo de control de longitud fija 100420s2006 cu sb 000 0 spa d
035 ## - NÚMERO DE CONTROL DEL SISTEMA
Número de control de sistema (OCoLC)ocn608388677
040 ## - FUENTE DE CATALOGACIÓN
Centro catalogador/agencia de origen OCLCE
Lengua de catalogación eng
Centro/agencia transcriptor OCLCE
020 ## - NÚMERO INTERNACIONAL ESTÁNDAR DEL LIBRO
ISBN cancelado o inválido 9590608213 (pbk.)
020 ## - NÚMERO INTERNACIONAL ESTÁNDAR DEL LIBRO
ISBN cancelado o inválido 9789590608216 (pbk.)
035 ## - NÚMERO DE CONTROL DEL SISTEMA
Número de control de sistema (OCoLC)608388677
050 14 - SIGNATURA TOPOGRÁFICA DE LA BIBLIOTECA DEL CONGRESO
Número de clasificación JA 71
Número de ítem P769 2006
245 03 - MENCIÓN DEL TÍTULO
Título La politica :
Resto del título miradas cruzadas /
Mención de responsabilidad, etc. Emilio Duharte (compilador).
260 ## - PUBLICACIÓN, DISTRIBUCIÓN, ETC.
Lugar de publicación, distribución, etc. La Habana :
Nombre del editor, distribuidor, etc. Editorial de Ciencias Sociales,
Fecha de publicación, distribución, etc. 2006.
300 ## - DESCRIPCIÓN FÍSICA
Extensión 179 p. ;
Dimensiones 19 cm.
440 #0 - MENCIÓN DE SERIE/PUNTO DE ACCESO ADICIONAL--TÍTULO
Título Politica
504 ## - NOTA DE BIBLIOGRAFÍA, ETC.
Nota de bibliografía, etc. Includes bibliographical references.
500 ## - NOTA GENERAL
Nota general Content provider-neutral record in process.
500 ## - NOTA GENERAL
Nota general Description based on print version record.
650 #0 - PUNTO DE ACCESO ADICIONAL DE MATERIA--TÉRMINO DE MATERIA
Término de materia o nombre geográfico como elemento de entrada Political science.
700 1# - ENTRADA AGREGADA--NOMBRE PERSONAL
Nombre de persona Duharte Díaz, Emilio A.
830 #0 - PUNTO DE ACCESO ADICIONAL DE SERIE-TÍTULO UNIFORME
Título uniforme Ediciones politicas (Havana, Cuba)
856 40 - LOCALIZACIÓN Y ACCESO ELECTRÓNICOS
Materiales especificados HathiTrust Digital Library
Identificador Uniforme de Recursos <a href="http://catalog.hathitrust.org/api/volumes/oclc/166346132.html">http://catalog.hathitrust.org/api/volumes/oclc/166346132.html</a>
942 ## - ELEMENTOS DE ENTRADA SECUNDARIOS (KOHA)
Fuente del sistema de clasificación o colocación Clasificación de Library of Congress
Tipo de ítem Koha
994 ## -
-- C0
-- DRFGD
946 ## - PROCESAMIENTO DE INFORMACIÓN LOCAL (OCLC)
a MF
Holdings
Estatus retirado Estado de pérdida Fuente del sistema de clasificación o colocación Estado de daño No para préstamo Colección Biblioteca de origen Biblioteca actual Ubicación en estantería Fecha de adquisición Serial enumeration / chronology Signatura topográfica completa Código de barras Visto por última vez Copia número Tipo de ítem Koha
    Clasificación de Library of Congress     Ciencias Sociales Biblioteca Juan Bosch Biblioteca Juan Bosch Ciencias Sociales (3er. Piso) 10/04/2023 1 JA 71 P769 2006 00000084130 24/10/2018 1